| 000 | 00657nam a2200217Ia 4500 | ||
|---|---|---|---|
| 005 | 20220309163108.0 | ||
| 008 | 131103s9999 xx 000 0 und d | ||
| 020 |
_a9788193339589 _cRs.650.00 |
||
| 040 | _aLoreto College | ||
| 041 | _aEnglish | ||
| 082 |
_a510 _bJAN |
||
| 100 | _aJana,Sandip | ||
| 245 |
_aMathematics for competitive examinations _bFor NET, SET, GATE, RET, JAM, SLST & M.SC. Ent. _cSandip Jana, Sukhendu Kar and Susanta Mandal |
||
| 260 |
_aKolkata _bAcademic Publishers _c2020 |
||
| 300 | _a680 p. | ||
| 650 | _aMathematics | ||
| 700 |
_4Auth _aKar, Sukhendu |
||
| 700 |
_4Auth _aMandal, Susanta |
||
| 850 | _aLCLIB | ||
| 942 | _cBK | ||
| 999 |
_c42942 _d93421 |
||